000 00646nam a22002057i 4500
001 3261
003 OSt
005 20170126082316.0
007 tu
008 161220s1996 xxu||||| |||| 00| 0 d
024 7 _a3260
_2RID
040 _cOSt
084 _a11.431
_a9.9
_2z
100 1 _aHavlik, Peter
_eEd.
245 0 0 _aMonetary Policy in Central and Eastern Europe: Challenges of EU Integration
_bConference, "Central and Eastern Europe: Directing Monetary Policy Towards EU Integration, Nov. 1995, Vienna
260 _aWien :
_bOesterreichische Nationalbank (OeNB),
_c1996.
300 _a260 S. ;
_c30cm.
651 _aEU
700 1 _aRadzyner, Olga
_eEd.
942 _cB
999 _c3214
_d3214